The Alphabet - fast typing - Statistieken

Algemene statistieken
  • Deze quiz is 117 keer genomen
  • De gemiddelde score is 22 van 26
Antwoordstatistieken
Antwoord % Correct
a
100%
b
100%
c
100%
d
100%
e
100%
f
96%
g
94%
h
94%
i
94%
j
94%
k
94%
l
92%
m
92%
n
81%
o
81%
p
81%
q
79%
r
79%
s
77%
t
75%
u
75%
v
71%
w
71%
x
69%
y
69%
z
69%
Geen overeenkomende quizzen gevonden
Scoreverdeling
Procent van Mensen met Elke Score
Percentiel versus Aantal Correcte Antwoorden
Uw Scoregeschiedenis
U heeft deze quiz nog niet genomen